[Event "Katowice rapid op"]
[Site "Katowice"]
[Date "2025.05.31"]
[Round "6"]
[White "Piesik, Piotr"]
[Black "Kokoszczynski, Jan"]
[Result "0-1"]
[WhiteElo "2377"]
[BlackElo "2196"]
[PlyCount "184"]
[EventDate "2025.05.31"]
[EventType "swiss"]
[EventRounds "11"]
[EventCountry "POL"]
[SourceTitle "CB24_2025"]
[SourceDate "2025.06.11"]
[SourceVersion "1"]
[SourceVersionDate "2025.06.11"]
[SourceQuality "1"]

1. d4 Nf6 2. c4 g6 3. Nc3 Bg7 4. e4 d6 5. Nf3 0-0 6. Be2 e5 7. 0-0 h6 8. Kh1 Nbd7 9. d5 Nh7 10. Nd2 f5 11. exf5 gxf5 12. g4 Nc5 13. Rg1 fxg4 14. Bxg4 Rxf2 15. Nde4 Nxe4 16. Nxe4 Rxh2+ 17. Kxh2 Qh4+ 18. Kg2 Bxg4 19. Rh1 Bh3+ 20. Rxh3 Qxe4+ 21. Qf3 Qc2+ 22. Qf2 Qxc4 23. Bxh6 Rf8 24. Qg3 Rf7 25. Rg1 Kf8 26. Kh2 Bxh6 27. Rxh6 Ke7 28. Rg2 Nf6 29. Qg5 Qxd5 30. Rf2 Qe6 31. b3 e4 32. Kg1 e3 33. Re2 Qg4+ 34. Qxg4 Nxg4 35. Rg6 Ne5 36. Rxe3 Kd7 37. Rgg3 a5 38. Kg2 b5 39. Re4 b4 40. Rd4 Kc6 41. Rd2 Kb6 42. Rf2 Re7 43. Kf1 Rh7 44. Ke2 c5 45. Rf6 Kc6 46. Rg5 Rh2+ 47. Ke3 Kd5 48. Rf2 Rh3+ 49. Ke2 Ke4 50. Rg8 Rc3 51. Kd2 Rd3+ 52. Kc2 Kd5 53. Rg5 Rh3 54. Rd2+ Kc6 55. Rf5 Rh6 56. Re2 Rg6 57. Rd2 Kc7 58. Rdf2 Nc6 59. Kb2 Nd4 60. Rf6 Rg5 61. Rh6 Kc6 62. Rd2 Rg3 63. Rf6 Kd5 64. Rh6 Rg5 65. Rh4 Rf5 66. Rg4 Kc6 67. Rg6 Rf3 68. Rh6 Rg3 69. Rf6 Kd5 70. Rf4 Re3 71. Rh4 Re5 72. Rg4 Rf5 73. Rh4 Ke5 74. Rg4 Rh5 75. Rg6 a4 76. bxa4 c4 77. Rxd4 Rh2+ 78. Kc1 Kxd4 79. Rg4+ Kc5 80. Kb1 Rh1+ 81. Kb2 Rh2+ 82. Kb1 Rh3 83. Rg5+ d5 84. Rg6 Kd4 85. a5 Kc3 86. Rg1 Rh6 87. Rg3+ Kd4 88. Rg4+ Kc5 89. Rg8 Ra6 90. Rc8+ Kd4 91. Rb8 Kc3 92. Rd8 Rxa5 0-1

[Event "Titled Tuesday intern op 06th May Early"]
[Site "Chess.com INT"]
[Date "2025.05.06"]
[Round "9"]
[White "Piesik, Piotr"]
[Black "Shubenkova, Veronika"]
[Result "0-1"]
[WhiteElo "2436"]
[BlackElo "2024"]
[PlyCount "72"]
[EventDate "2025.05.06"]
[EventType "swiss (blitz)"]
[EventRounds "11"]
[EventCountry "USA"]
[SourceTitle "CB20_2025"]
[SourceDate "2025.05.14"]
[SourceVersion "1"]
[SourceVersionDate "2025.05.14"]
[SourceQuality "1"]

1. Nf3 d5 2. g3 Nf6 3. Bg2 g6 4. 0-0 Bg7 5. d4 0-0 6. c4 c6 7. Nc3 Re8 8. Qb3 e6 9. Bf4 Nbd7 10. Rfd1 b6 11. a4 Ba6 12. Nd2 Nh5 13. Be3 Rb8 14. f4 f5 15. Bf2 Nhf6 16. e3 h6 17. Qa2 Ng4 18. a5 b5 19. cxd5 exd5 20. Re1 Ndf6 21. h3 Nxf2 22. Kxf2 Bf8 23. Nf3 b4 24. Ne2 Ne4+ 25. Kg1 Bxe2 26. Rxe2 Nxg3 27. Ree1 Bg7 28. Qa4 Qd6 29. Rac1 Re6 30. Ne5 Bxe5 31. fxe5 Qd7 32. Rc5 g5 33. Rec1 Rd8 34. Rxc6 Ne2+ 35. Kf2 Nxc1 36. Qb5 Qxc6 0-1

[Event "Titled Tuesday intern op 06th May Early"]
[Site "Chess.com INT"]
[Date "2025.05.06"]
[Round "7"]
[White "Piesik, Piotr"]
[Black "Zmijanac, Dusko"]
[Result "1-0"]
[WhiteElo "2436"]
[BlackElo "1977"]
[PlyCount "61"]
[EventDate "2025.05.06"]
[EventType "swiss (blitz)"]
[EventRounds "11"]
[EventCountry "USA"]
[SourceTitle "CB20_2025"]
[SourceDate "2025.05.14"]
[SourceVersion "1"]
[SourceVersionDate "2025.05.14"]
[SourceQuality "1"]

1. Nf3 b5 2. e4 Bb7 3. Bxb5 Bxe4 4. 0-0 c6 5. Ba4 Nf6 6. d3 Bg6 7. Re1 d5 8. Ne5 Qb6 9. c4 dxc4 10. dxc4 e6 11. Be3 Qb7 12. Qb3 Qc7 13. Bd4 Be7 14. Nc3 0-0 15. f4 c5 16. Bf2 Na6 17. Nb5 Qb6 18. Rad1 Rad8 19. Qf3 Nb4 20. a3 Bc2 21. Bxc2 Nxc2 22. Rxd8 Rxd8 23. Rc1 Nd4 24. Nxd4 cxd4 25. b4 Qa6 26. Nc6 Re8 27. Bxd4 Bf8 28. Bxa7 Rc8 29. b5 Qb7 30. Bd4 Nd7 31. Ne7+ 1-0

[Event "Titled Tuesday intern op 25th Mar Early"]
[Site "Chess.com INT"]
[Date "2025.03.25"]
[Round "10"]
[White "Piesik, Piotr"]
[Black "Huynh, Lam Binh Nguyen"]
[Result "1-0"]
[WhiteElo "2434"]
[BlackElo "2027"]
[PlyCount "77"]
[EventDate "2025.03.25"]
[EventType "swiss (blitz)"]
[EventRounds "11"]
[EventCountry "USA"]
[SourceTitle "CB14_2025"]
[SourceDate "2024.11.01"]
[SourceVersion "1"]
[SourceVersionDate "2024.11.01"]
[SourceQuality "1"]

1. Nf3 d5 2. g3 e6 3. Bg2 f5 4. 0-0 Nf6 5. d3 c6 6. Nbd2 Be7 7. e4 0-0 8. Qe2 b6 9. exf5 exf5 10. Nd4 Re8 11. N2f3 Bc5 12. Qd1 Qc7 13. Bf4 Bd6 14. Bxd6 Qxd6 15. Re1 c5 16. Rxe8+ Nxe8 17. Qe2 Bd7 18. Nxf5 Bxf5 19. Qxe8+ Qf8 20. Qxf8+ Kxf8 21. Ng5 Nd7 22. Bxd5 Re8 23. Be4 Bxe4 24. Nxe4 c4 25. f4 cxd3 26. cxd3 Rc8 27. Rf1 Rc2 28. Rf2 Rc1+ 29. Kg2 a5 30. d4 Re1 31. Nc3 Nf6 32. Re2 Ra1 33. d5 b5 34. Nxb5 Nxd5 35. Nd6 Nf6 36. a3 Rb1 37. Nc4 a4 38. Nb6 Nd5 39. Nxd5 1-0

[Event "Titled Tuesday intern op 04th Mar Early"]
[Site "Chess.com INT"]
[Date "2025.03.04"]
[Round "4"]
[White "Piesik, Piotr"]
[Black "Tavernier, Loris"]
[Result "1-0"]
[WhiteElo "2434"]
[BlackElo "2061"]
[PlyCount "111"]
[EventDate "2025.03.04"]
[EventType "swiss (blitz)"]
[EventRounds "11"]
[EventCountry "USA"]
[SourceTitle "CB11_2025"]
[SourceDate "2025.03.12"]
[SourceVersion "1"]
[SourceVersionDate "2025.03.12"]
[SourceQuality "1"]

1. Nf3 Nf6 2. g3 d5 3. Bg2 e6 4. 0-0 Be7 5. d3 0-0 6. Nbd2 Nc6 7. e4 dxe4 8. dxe4 e5 9. c3 a5 10. a4 Bc5 11. Qc2 h6 12. Nb3 Bb6 13. h3 Be6 14. Re1 Bc4 15. Bf1 Bxf1 16. Kxf1 Qd7 17. Kg2 Qe6 18. Nh4 Qc4 19. Re2 Rad8 20. Nf5 Rfe8 21. Be3 Bxe3 22. Nxe3 Qxe4+ 23. Qxe4 Nxe4 24. Nc4 Nd6 25. Ncxa5 Nxa5 26. Nxa5 Ra8 27. b4 b6 28. Nc6 Nc4 29. Re4 Nd6 30. Rxe5 f6 31. Rxe8+ Rxe8 32. a5 bxa5 33. bxa5 Nb5 34. c4 Nd6 35. c5 Nb5 36. a6 Ra8 37. a7 Kf7 38. Rb1 Nxa7 39. Ra1 Nxc6 40. Rxa8 Ne5 41. Rc8 c6 42. f4 Nc4 43. Rxc6 Kg6 44. g4 Ne3+ 45. Kf3 Nd5 46. Rd6 Ne7 47. c6 Kf7 48. f5 Ke8 49. Ke4 Nc8 50. Re6+ Kd8 51. Kd5 Ne7+ 52. Kc5 g5 53. c7+ Kd7 54. Rxe7+ Kxe7 55. c8Q h5 56. Qc7+ 1-0

[Event "Titled Tuesday intern op 25th Feb Early"]
[Site "Chess.com INT"]
[Date "2025.02.25"]
[Round "3"]
[White "Dzhumagaliev, Yan"]
[Black "Piesik, Piotr"]
[Result "1-0"]
[WhiteElo "2411"]
[BlackElo "2422"]
[PlyCount "77"]
[EventDate "2025.02.25"]
[EventType "swiss (blitz)"]
[EventRounds "11"]
[EventCountry "USA"]
[SourceTitle "CB10_2025"]
[SourceDate "2025.03.05"]
[SourceVersion "1"]
[SourceVersionDate "2025.03.05"]
[SourceQuality "1"]

1. h4 d5 2. h5 e5 3. c3 Bd6 4. d4 exd4 5. cxd4 h6 6. Nc3 c6 7. e4 dxe4 8. Nxe4 Bb4+ 9. Nc3 Nf6 10. Be2 Be6 11. Nf3 Nbd7 12. a3 Bd6 13. b4 0-0 14. Bb2 Re8 15. Kf1 Bg4 16. Nh4 Bxe2+ 17. Nxe2 Nb6 18. Qd3 Ne4 19. f3 Qf6 20. Kg1 Ng3 21. Nxg3 Bxg3 22. Nf5 Bf4 23. Rh4 Re3 24. Qc2 Bg5 25. Re4 Rxe4 26. fxe4 Qe6 27. Rf1 Bf6 28. d5 cxd5 29. Nxh6+ Kh8 30. Bxf6 gxf6 31. Qc3 Nd7 32. exd5 Qxd5 33. Ng4 Rg8 34. Rf4 Rxg4 35. Qc8+ Kh7 36. Qc2+ Kh8 37. Rxg4 f5 38. Qc8+ Kh7 39. Qg8+ 1-0